Firefly Episodes Quiz Stats

 Plays Quiz Updated Mar 17, 2020

     
Support Sporcle.
Go Orange.
Score 0/14 Timer 04:00
0 Plays Today
Episode Title % Correct
1Serenity
90.9%
2The Train Job
85.5%
7Jaynestown
74%
8Out of Gas
72.4%
6Our Mrs. Reynolds
70.4%
9Ariel
69.6%
14Objects in Space
69.2%
Episode Title % Correct
4Shindig
64.7%
13Heart of Gold
64.6%
11Trash
57.4%
10War Stories
55.9%
3Bushwhacked
54.7%
12The Message
50.6%
5Safe
48.2%

From the Vault

Most Land Borders

by Derek

It has been said that good fences make good neighbors, these countries probably have a lot of fences then.
Remove Ads.
Support Sporcle.
Get the best of Sporcle when you Go Orange. This ad-free experience offers more features, more stats, and more fun while also helping to support Sporcle. Thank you for becoming a member.

Show Comments

Extras

Top Quizzes Today


Score Distribution

Your Account Isn't Verified!

In order to create a playlist on Sporcle, you need to verify the email address you used during registration. Go to your Sporcle Settings to finish the process.

Report this User

Report this user for behavior that violates our Community Guidelines.

Details: